00290nam a2200109Ia 4500008004100000100001200041245005800053260002100111650002400132942000700156999001700163190216s9999||||xx |||||||||||||| ||und|| aOverman 0aAnu Kenthra Resathanthrathinde Adisthana Sankalpangal bBhasha Institute aChemistry-Chemistry cBK c39310d39310